书目信息 |
| 题名: |
滨州市自然科学优秀学术成果汇编
|
|
| 作者: | 本书组 | |
| 分册: | ||
| 出版信息: | 滨州 滨州科学技术协会 2007.05 |
|
| 页数: | 154页 | |
| 开本: | 20cm | |
| 丛书名: | ||
| 单 册: | ||
| 中图分类: | N53 | |
| 科图分类: | ||
| 主题词: | 自然科学--文集 | |
| 电子资源: | ||
| ISBN: | ||
| 000 | 00499nam0 2200169 450 | |
| 001 | 0855569799 | |
| 005 | 20080111153119.54 | |
| 010 | @dCNY10.00 | |
| 100 | @a20080111d2007 km y0chiy0120 ea | |
| 101 | 0 | @achi |
| 200 | 1 | @a滨州市自然科学优秀学术成果汇编@Abin zhou shi zi ran ke xue you xiu xue shu cheng guo hui bian@f本书组@Fben shu zu |
| 210 | @a滨州@c滨州科学技术协会@d2007.05 | |
| 215 | @a154页@d20cm | |
| 606 | 0 | @a自然科学@x文集 |
| 690 | @aN53@v4 | |
| 801 | 0 | @aCN@bPFT@c20080111 |
| 905 | @aBZT@dN53@e1 | |
| 滨州市自然科学优秀学术成果汇编/本书组.-滨州:滨州科学技术协会,2007.05 |
| 154页;20cm |
| ISBN :CNY10.00 |
| ● |
| 相关链接 |
|
|
|
正题名:滨州市自然科学优秀学术成果汇编
索取号:N53/1
 
预约/预借
| 序号 | 登录号 | 条形码 | 馆藏地/架位号 | 状态 | 备注 |
| 1 | 598994 | 220004437 | 样本书库/样006架B面1层1列/ [索取号:N53/1] | 在馆 | |
| 2 | 598995 | 220004438 | 样本书库/样005架A面5层3列/ [索取号:N53/1] | 在馆 |